000 00708nam a22002297a 4500
005 20170124110101.0
010 _aA-684620
020 _c00.00
_a8186112154
035 _aA-684620
037 _bCen Lib/Ret
040 _aDPL
_bEN
082 _a921
_bKAM
100 _aKamath, M. V.
_973505
245 _aPoints and lines :
_cby M. V. Kamath
_bCharat Ram : a biography /
260 _aNew delhi
_bUBS Publishers
_c1994
270 _bNew delhi
_a5, Ansari Road, Darya Ganj
_e110002
300 _a272p. :
_c20cm(Hb)
_bcol.ill.
500 _aIncludes index
650 _aCharat Ram, -- 1918-
_927133
650 _aIndustrialists -- India -- Biography
_973506
942 _2ddc
_cEN
_h921
_mKAM
999 _c129689
_d129689